[Event "Liberec Region-chT 2223"]
[Site "Czech Republic"]
[Date "2022.12.11"]
[Round "5.8"]
[White "Schiffert, Miroslav"]
[Black "Pavlik, Otto"]
[Result "0-1"]
[WhiteElo "1593"]
[BlackElo "1655"]
[PlyCount "64"]
[EventDate "2022.10.09"]
[EventType "team-tourn"]
[EventRounds "11"]
[EventCountry "CZE"]
[SourceTitle "EXT 2024"]
[Source "ChessBase"]
[SourceDate "2023.10.10"]
[SourceVersion "1"]
[SourceVersionDate "2023.10.10"]
[SourceQuality "1"]

1. d4 Nf6 2. Bf4 d5 3. e3 Bf5 4. Nf3 c6 5. c3 Nbd7 6. Nbd2 e6 7. Ne5 Be7 8. Be2 0-0 9. 0-0 Rc8 10. Ndf3 Nxe5 11. Bxe5 Bd6 12. Bxd6 Qxd6 13. Ne5 Nd7 14. Nxd7 Qxd7 15. Bd3 Bxd3 16. Qxd3 c5 17. Rac1 c4 18. Qc2 Rc7 19. e4 Rfc8 20. e5 a5 21. a4 b5 22. axb5 Qxb5 23. f4 g6 24. g4 Rb7 25. Rf2 Rcb8 26. Qb1 a4 27. Qa2 Qb3 28. Ra1 Ra7 29. Qa3 Qxa3 30. Rxa3 Rb3 31. Rc2 Rxa3 32. bxa3 Rb7 0-1